| 000 | 00873nam a2200289 i 4500 | ||
|---|---|---|---|
| 001 | 000032144 | ||
| 003 | DO-SdBNP | ||
| 005 | 20260306090553.0 | ||
| 007 | ta | ||
| 008 | 260406s1975 dr g 000 | spa d | ||
| 040 |
_aDO-SdBNP _bspa _cBNPHU _erda |
||
| 041 | _aspa | ||
| 049 | _aBNPD | ||
| 082 | 4 |
_axxxx _bM665n _222 |
|
| 100 | 1 |
_aMiniño Marión-Landais, Manuel Marino, _4aut. _eautor _937374 |
|
| 245 | 1 | 0 |
_aNociones de música / _cManuel Marino Miniño Marión-Landais. |
| 250 | _aSegunda edición revisada y ampliada | ||
| 264 | 4 |
_aSanto Domingo : _bLaboratorios de Artes Gráficas, _c1975 |
|
| 300 |
_a264 páginas : _bilustraciones ; _c23 cm. |
||
| 336 |
_atexto _btxt _2rdacontent |
||
| 337 |
_asin mediación _bn _2rdamedia |
||
| 338 |
_avolumen _bnc _2rdacarrier |
||
| 590 | _aInventariado, 2026/DG | ||
| 710 | _981292 | ||
| 910 | _aDG | ||
| 942 |
_2ddc _cLBS1 |
||
| 999 |
_c60451 _d60451 |
||